000 00437nam a2200145Ia 4500
003 GCL
008 140319s9999 xx 000 0 ara d
040 _aGCL /
_cGCL
082 0 4 _a603
_bا ت
100 1 _aاسماعيل شوقى
245 1 0 _aتكنولوجيا الطباعة /
_cاسماعيل شوقى
260 _a[S.N] :
_bلجنة الاعلام والدراسات المستقبلية ،
_c1981
300 _a292 ص
490 _a
999 _c52606
_d52606